Karácsonyra Trapitit a sikerlista elején a Darvasi-könyv /

Elmentve itt :
Bibliográfiai részletek
Szerzők: Sulyok Erzsébet
Darvasi László
Dokumentumtípus: Cikk
Megjelent: 2002-12-17
Sorozat:Délmagyarország 92 No. 293
Kulcsszavak:Darvasi László, Szeged, Szépirodalom 20. sz. gyermekregény Szeged
Online Access:http://dmarchiv.bibl.u-szeged.hu/131470
LEADER 00581nab a2200169 i 4500
001 delm131470
005 20191115090425.0
008 191115s2002 hu o 0|| hun d
040 |a SZTE Délmagyarország Archívum  |b hun 
041 |a hun 
100 1 |a Sulyok Erzsébet 
245 1 0 |a Karácsonyra Trapitit   |h [elektronikus dokumentum] :  |b a sikerlista elején a Darvasi-könyv /  |c  Sulyok Erzsébet 
260 |c 2002-12-17 
300 |a 4 
490 0 |a Délmagyarország  |v 92 No. 293 
695 |a Darvasi László, Szeged, Szépirodalom 20. sz. gyermekregény Szeged 
700 0 1 |a Darvasi László  |e aut